Sant Jordi /
Descripción Física:
1 punt de llibre ; il·lustracions ; 19 x 5 cm
Idioma:
Catalán
MARC
| LEADER | 00000nrm a22000007a 4500 | ||
|---|---|---|---|
| 001 | 28522 | ||
| 003 | AGDB | ||
| 005 | 20260324181524.0 | ||
| 008 | 240506b spa||||| |||| 00| 0 cat d | ||
| 040 | |a agdb |b cat | ||
| 110 | |a Barcelona (Catalunya : Província). |b Llibreria |9 52413 | ||
| 245 | |a Sant Jordi / |c Llibreria de la Diputació | ||
| 260 | |a Barcelona : |b Diputació de Barcelona ; |c [2023] | ||
| 300 | |a 1 punt de llibre ; |b il·lustracions ; |c 19 x 5 cm | ||
| 500 | |a Al verso: "Descobreix les nostres recomanacions per a la diada de Sant Jordi". | ||
| 610 | 0 | |a Barcelona (Catalunya : Província). |b Llibreria |9 52413 | |
| 650 | 0 | |a Diada de Sant Jordi |9 33552 | |
| 655 | 0 | |a Punts de llibre |9 52700 | |
| 942 | |2 udc |c ARXIU |n 1 | ||
| 952 | |0 0 |1 0 |4 0 |6 NBM183 |7 1 |9 97013 |a Arxiu |b Arxiu |d 2024-05-06 |l 0 |o NBM-18-3 |p 28522 |r 2024-05-06 00:00:00 |w 2024-05-06 |y ARXIU | ||
| 999 | |c 128848 |d 128848 | ||